000
00320 a2200145 4500
001
164596
020
_a
040
_c
Magnum
100
_a
Abramovay, Miriam (Coord.)
240
1
0
_a
Ensino medio: multiplas vozes
_l
por
245
1
0
_a
Ensino medio: multiplas vozes
362
0
_a
1899
697
_a
ENSINO
942
_c
BK
999
_c
164596
_d
164596